Countries Without a U.S. embassy - Sudden Death - Statistics

General Stats
  • This quiz has been taken 773 times
  • The average score is 7 of 31
Answers on the Grid
Answers color-coded by a green-red scale on the quiz's grid according to % correct below.
Afghanistan
Andorra
Antigua and Barbuda
Bhutan
Burundi
Cambodia
Comoros
Djibouti
Dominica
East Timor
Grenada
Guinea-Bissau
Guyana
Iran
Jordan
Kazakhstan
Kiribati
Libya
Liechtenstein
Luxembourg
Maldives
Malta
Mexico
Monaco
Nauru
North Korea
Oman
Pakistan
Philippines
Russia
Saint Kitts and Nevis
Saint Lucia
Saint Vincent and the Grenadines
Samoa
San Marino
Sao Tome and Principe
Seychelles
Sri Lanka
Sudan
Syria
Taiwan
Togo
Tonga
Trinidad and Tobago
Tuvalu
Ukraine
Vanuatu
Vatican City
Venezuela
Yemen
 
Answer Stats
Answer % Correct
North Korea
50%
Iran
46%
Vatican City
39%
Afghanistan
36%
San Marino
30%
Yemen
28%
Monaco
27%
Syria
27%
Nauru
25%
Liechtenstein
24%
Andorra
23%
Tuvalu
23%
Libya
22%
Vanuatu
22%
Bhutan
20%
Saint Vincent and the Grenadines
19%
Taiwan
19%
Venezuela
19%
Kiribati
17%
Saint Kitts and Nevis
17%
Saint Lucia
16%
Sao Tome and Principe
16%
Tonga
15%
Comoros
13%
Antigua and Barbuda
12%
Dominica
11%
Grenada
11%
Samoa
11%
Maldives
9%
Sudan
9%
Guinea-Bissau
6%
No matching quizzes found
Score Distribution
Percent of People with Each Score
Percentile by Number Answered
Your Score History
You have not taken this quiz